| 000 | 01203cam a22003257a 4500 | ||
|---|---|---|---|
| 003 | CHAP | ||
| 005 | 20220329142541.0 | ||
| 008 | 010920d2001 mx r 00110 spa d | ||
| 010 | _a84793 | ||
| 011 | _a85765 | ||
| 035 | _a96301 | ||
| 040 | _cCHAP | ||
| 090 | _aTesis | ||
| 100 | 0 | 0 |
_aLuna Esquivel, Juan Manuel de _969044 |
| 245 | 1 | 0 |
_aMetodología para la realización y análisis de un inventario ganadero : _bcaso Tabasco _c/por Juan Manuel de Luna Esquivel |
| 260 |
_aChapingo, Méx. : _bEl autor, _c2001. |
||
| 300 |
_a151 h. ; _bgráfs. ; anexo |
||
| 502 | _aTesis (Doctor en Ciencias en Economía Agrícola) -- UACH. División de Ciencias Económivo Administrativas | ||
| 590 |
_aALEPH _b10 _c20130110 _lUCH01 _h1443 |
||
| 590 |
_aBATCH-UPD _b10 _c20130110 _lUCH01 _h2315 |
||
| 590 |
_aBATCH-UPD _b10 _c20130410 _lUCH01 _h1606 |
||
| 590 |
_aBATCH-UPD _b10 _c20130914 _lUCH01 _h1505 |
||
| 590 |
_aCONVERSION _b10 _c20130109 _lUCH01 _h1347 |
||
| 650 | 1 | 4 |
_aGanado _xEstadísticas _zTabasco. _944918 |
| 901 | _aBK | ||
| 905 | _aAlejandra Carrasco M. | ||
| 942 | _cFOLL | ||
| 949 |
_aTesis _bBC _cTES _d33724000856910 _eTS2 _fc.2 _h38591 _i96301 _si |
||
| 949 |
_aTesis _bBC _cTES _d963011 _eTS1 _h38590 _i96301 _sb |
||
| 999 |
_c84793 _d84793 |
||